| 000 | 02070nkc a22002897a 4500 | ||
|---|---|---|---|
| 001 | 85824 | ||
| 005 | 20260429094055.0 | ||
| 007 | kh boc | ||
| 008 | 260421s1893 sp ||||| |||| |0| i|spa d | ||
| 040 |
_aM-RABA _bspa _cM-RABA |
||
| 245 | 0 | 1 |
_a[Alcalá de Henares _b: monumentos] _h[Material gráfico] |
| 260 | _c1893 | ||
| 300 |
_a3 fotografías _b: aristotipo _c; imagen 11 x 8 cm _c; soporte secundario 19 x 16 cm |
||
| 500 | 0 | 0 | _aConjunto de 3 fotografías que muestran diferentes vistas y monumentos de Alcalá de Henares. |
| 500 | 0 | 0 | _aNota manuscrita a tinta en el verso del soporte secundario que indica ubicación y fecha: Fot-709: "Alcalá de Henares. Puerta de la Colegiada. 2 Julio 1893" -- Fot-710: "Alcalá de Henares. Fachada pral. de la Universidad. 2 Julio 1893" -- Fot-711: "Alcalá de Henares. Fachada pral. de la Universidad. 2 Julio 1893". |
| 610 | 2 | 7 |
_aUniversidad de Alcalá de Henares _2embne _94203 |
| 651 | 7 |
_aAlcalá de Henares (Madrid, España) _94705 |
|
| 655 | 0 |
_aFotografías de monumentos _9111580 |
|
| 852 | _jFot-709; Fot-710; Fot-711 | ||
| 856 |
_uhttps://archivoybiblioteca.realacademiabellasartessanfernando.com/cgi-bin/koha/opac-retrieve-file.pl?id=7d36f4a899a46b2d6fd78777d94fc0a8 _yFot-709r |
||
| 856 |
_uhttps://archivoybiblioteca.realacademiabellasartessanfernando.com/cgi-bin/koha/opac-retrieve-file.pl?id=0fb2aff42fe3ee6c1a593fc8520f2975 _yFot-709v |
||
| 856 |
_uhttps://archivoybiblioteca.realacademiabellasartessanfernando.com/cgi-bin/koha/opac-retrieve-file.pl?id=8b1973009b7e364c81b15b2bee3ae14b _yFot-710r |
||
| 856 |
_uhttps://archivoybiblioteca.realacademiabellasartessanfernando.com/cgi-bin/koha/opac-retrieve-file.pl?id=1be67e776f5c0fa6fcd0c4f1b7732f5c _yFot-710v |
||
| 856 |
_uhttps://archivoybiblioteca.realacademiabellasartessanfernando.com/cgi-bin/koha/opac-retrieve-file.pl?id=f294e31982cd56ba1fe49a3974899c93 _yFot-711r |
||
| 856 |
_uhttps://archivoybiblioteca.realacademiabellasartessanfernando.com/cgi-bin/koha/opac-retrieve-file.pl?id=e0b398b38861111036a2a003b9d4b04a _yFot-711v |
||
| 942 |
_cFOTOGRAFÍA _n0 |
||
| 999 |
_c85824 _d85824 |
||